Normal view
MARC view
Entry Personal Name
001 - CONTROL NUMBER
- control field: 82486
003 - CONTROL NUMBER IDENTIFIER
- control field: dpl
005 - DATE AND TIME OF LATEST TRANSACTION
- control field: 20250702153316.0
008 - FIXED-LENGTH DATA ELEMENTS
- fixed length control field: 250702|| aca||aabn | a|a d
040 ## - CATALOGING SOURCE
- Original cataloging agency: dpl
- Transcribing agency: dpl
100 ## - HEADING--PERSONAL NAME
- Personal name: Sangeetha Suresh Kumar
670 ## - SOURCE DATA FOUND
- Source citation: Work cat.: (dpl)212019: Sangeetha Suresh Kumar, Splendid Travancore Recipes/, 2015
